Marketing v odevnom priemysle diplomová práca

Saved in:
Bibliographic Details
Main Author: Galliková, Martina
Corporate Author: Obchodná fakulta EU. Katedra marketingu
Other Authors: Vasiľová, Mária, 1985-
Format: Book
Language:Slovak
Published: Bratislava 2014
Tags: Add Tag
No Tags, Be the first to tag this record!

MARC

LEADER 00000nbm a2200000 4500
001 0186026
005 20170315090441.5
041 0 |a slo 
044 |a SK 
245 1 0 |a Marketing v odevnom priemysle  |b diplomová práca  |c Martina Galliková ; školiteľ: Mária Vasiľová 
264 1 |a Bratislava  |c 2014 
300 |a 82 s. 
100 1 |a Galliková, Martina 
700 1 |a Vasiľová, Mária, 1985- 
710 2 |a Obchodná fakulta EU. Katedra marketingu